| 000 | 00661nam a2200265Ia 4500 | ||
|---|---|---|---|
| 008 | 160803s9999 xx 000 0 und d | ||
| 020 | _a9780590715812 | ||
| 100 | _aGelman, Rita Golden | ||
| 245 | _aWhy can't I fly? / | ||
| 245 | _cRita Golden Gelman ; pictures by Jack Kent. | ||
| 260 | _aNew York : | ||
| 260 | _bScholastic Inc. | ||
| 260 | _c1985 | ||
| 300 | _a48 pages : | ||
| 300 | _bcolor illustrations ; | ||
| 300 | _c21 cm | ||
| 440 | _aHello reader. | ||
| 650 | _aFlying -- | ||
| 650 | _aMonkeys -- | ||
| 650 | _aNonsense verses. | ||
| 650 | _aStories in rhyme. | ||
| 650 | _xFiction. | ||
| 650 | _xFiction. | ||
| 700 | _aBR | ||
| 999 |
_c299681 _d299681 |
||